Statistics for Countries by Salt Production

Click here to take the quiz!

General Stats

  • This quiz has been taken 34 times
    (31 since last reset)
  • The average score is 13 of 16

Answer Stats

HintAnswer% Correct
3.91%Australia
100%
22.48%China
100%
8.86%India
100%
14.54%United States
100%
2.28%Brazil
97%
3.65%Mexico
93%
2.21 %France
90%
1.46%Spain
87%
2.21 %United Kingdom
83%
3.92%Canada
80%
6.88%Germany
77%
1.45%Turkey
77%
2.91%Chile
70%
1.54%Poland
67%
2.24%Ukraine
43%
2.36%Netherlands
40%

Score Distribution

Percentile by Number Answered

Percent of People with Each Score

Your Score History

You have not taken this quiz since the last reset